| 000 | 00743nam a2200217 4500 | ||
|---|---|---|---|
| 005 | 20150612102232.0 | ||
| 010 | _aBAC-EN21 ENG-111612 | ||
| 020 |
_a9789331321244 _c295.00 |
||
| 035 | _aEN-95144 | ||
| 035 | _aB-578588-608 | ||
| 037 |
_bPrabhat Prakashan/Ven _adpl |
||
| 037 | _bDBAD/PUB | ||
| 082 | _a530.0922 | ||
| 100 | _aAgarwal,Arun | ||
| 245 |
_aNobel prize winners in physics / _cby Arun Agarwal |
||
| 260 |
_aNew Delhi _bAPH Publishing _c2014 |
||
| 270 |
_a4435-36/7,Ansari Road,Darya Ganj _bNew Delhi _e110002 |
||
| 300 |
_ax,329p. : _bill. _c22cm(pbk) |
||
| 942 |
_2ddc _cEN _mAGA _h530.0922 |
||
| 999 |
_c89676 _d89676 |
||